Liczby doskonałe - 20 sekund sprint - Statystyki

Ogólne statystyki
  • Ten quiz został rozwiązany 55 razy
  • Średni wynik to 2 z 8
Statystyki odpowiedzi
Liczba nr Liczba doskonała % Poprawnych
1 6
93%
2 28
42%
3 496
11%
8 2305843008139952128
7%
4 8128
7%
5 33550336
4%
7 137438691328
2%
6 8589869056
2%
Nie znaleziono quizów pasujących do podanych kryteriów
Rozkład punktacji
Procent ludzi z każdym wynikiem
Percentyl według liczby udzielonych odpowiedzi
Twoja historia wyników
Nie rozwiązałeś tego quizu